The Prime Ministers of Japan - Statistics

General Stats
  • This quiz has been taken 21 times
    14 since last reset
  • The average score is 47 of 78
Answer Stats
Years Served Prime Minister % Correct
1939-1940 Nobuyuki Abe
92%
2012-2020 Shinzo Abe
92%
2006-2007 Shinzo Abe
92%
2021- Fumio Kishida
77%
1941-1944 Hideki Tojo
77%
2001-2006 Junichiro Koizumi
77%
1957-1960 Nobusuke Kishi
77%
2008-2009 Taro Aso
77%
2020-2021 Yoshihide Suga
77%
1964-1972 Eisaku Sato
69%
1940-1941 Fumimaro Konoe
69%
1937-1939 Fumimaro Konoe
69%
1960-1964 Hayato Ikeda
69%
1954-1956 Ichiro Hatoyama
69%
1900-1901 Ito Hirobumi
69%
1898 Ito Hirobumi
69%
1892-1896 Ito Hirobumi
69%
1885-1888 Ito Hirobumi
69%
1972-1974 Kakuei Tanaka
69%
1998-2000 Keizo Obuchi
69%
1978-1980 Masayoshi Ohira
69%
2011-2010 Naoto Kan
69%
1987-1989 Noboru Takeshita
69%
1956-1957 Tanzan Ishibashi
69%
1989-1991 Toshiki Kaifu
69%
1982-1987 Yasuhiro Nakasone
69%
2010-2009 Yukio Hatoyama
69%
1948 Hitoshi Ashida
62%
1945 Kantaro Suzuki
62%
1912-1913 Katsura Taro
62%
1908-1911 Katsura Taro
62%
1901-1906 Katsura Taro
62%
1991-1993 Kiichi Miyazawa
62%
1945-1946 Kijuro Shidehara
62%
1944-1945 Kuniaki Koiso
62%
1993-1994 Morihiro Hosokawa
62%
1945 Naruhiko Higashikuni
62%
1914-1916 Okuma Shigenobu
62%
1898 Okuma Shigenobu
62%
1996-1998 Ryutaro Hashimoto
62%
1948-1954 Shigeru Yoshida
62%
1946-1947 Shigeru Yoshida
62%
1989 Sosuke Uno
62%
1976-1978 Takeo Fukuda
62%
1974-1976 Takeo Miki
62%
1947-1948 Tetsu Katayama
62%
1994-1996 Tomichii Murayama
62%
1994 Tsutomu Hata
62%
2007-2008 Yasuo Fukuda
62%
2011-2012 Yoshihiko Noda
62%
2000-2001 Yoshiro Mori
62%
1980-1982 Zenko Suzuki
62%
1939 Kiichiro Hiranuma
54%
1940 Mitsumasa Yonai
54%
1932-1934 Saito Makoto
54%
1937 Senjuro Hayashi
54%
1921-1922 Takahashi Korekiyo
54%
1927-1929 Tanaka Giichi
54%
1916-1918 Terauchi Masatake
54%
1931 Wakatsuki Reijiro
54%
1926-1927 Wakatsuki Reijiro
54%
1918-1921 Hara Takashi
46%
1924-1926 Kato Takaaki
46%
1922-1923 Kato Tomosaburo
46%
1934-1936 Keisuke Okada
46%
1888-1889 Kuroda Kiyotaka
46%
1896-1898 Matsukata Masayoshi
46%
1891-1892 Matsukata Masayoshi
46%
1911-1912 Saionji Kinmochi
46%
1906-1908 Saionji Kinmochi
46%
1898-1900 Yamagata Aritomo
46%
1889-1891 Yamagata Aritomo
46%
1931-1932 Inukai Tsuyoshi
38%
1924 Kiyoura Keigo
38%
1936-1937 Koki Hirota
38%
1929-1931 Osachi Hamaguchi
38%
1923-1924 Yamamoto Gonnohyoe
38%
1913-1914 Yamamoto Gonnohyoe
38%
No matching quizzes found
Score Distribution
Percent of People with Each Score
Percentile by Number Answered
Your Score History
You have not taken this quiz since the last reset